[Event "ARG-ch sf 93rd"]
[Site "Buenos Aires"]
[Date "2018.05.26"]
[Round "8"]
[White "Rasgido, Alejandro"]
[Black "Villarreal, Hector"]
[Result "1-0"]
[WhiteElo "1981"]
[BlackElo "2074"]
[PlyCount "53"]
[EventDate "2018.05.19"]
[EventType "swiss"]
[EventRounds "9"]
[EventCountry "ARG"]
[SourceTitle "CBM 184 Extra"]
[Source "ChessBase"]
[SourceDate "2018.06.28"]
[SourceVersion "1"]
[SourceVersionDate "2018.06.28"]
[SourceQuality "1"]

1. d4 Nf6 2. Bg5 Ne4 3. h4 c5 4. dxc5 Qa5+ 5. Nd2 Nxg5 6. hxg5 Qxc5 7. Ngf3 e5 8. Rh4 Nc6 9. c3 d5 10. e4 d4 11. cxd4 Nxd4 12. Nxd4 exd4 13. g6 fxg6 14. Bc4 Be7 15. Rc1 Qb6 16. Rf4 Rf8 17. Qf3 Be6 18. Kf1 Qxb2 19. Rxf8+ Bxf8 20. Nb3 Bxc4+ 21. Rxc4 Qb1+ 22. Rc1 Qxa2 23. Rc7 Be7 24. e5 Qa6+ 25. Kg1 d3 26. Qd5 Rd8 27. Qg8+ 1-0

[Event "ARG-ch sf 93rd"]
[Site "Buenos Aires"]
[Date "2018.05.19"]
[Round "1"]
[White "Villarreal, Hector"]
[Black "Acosta, Pablo Ismael"]
[Result "0-1"]
[WhiteElo "2074"]
[BlackElo "2402"]
[PlyCount "72"]
[EventDate "2018.05.19"]
[EventType "swiss"]
[EventRounds "9"]
[EventCountry "ARG"]
[SourceTitle "CBM 184 Extra"]
[Source "ChessBase"]
[SourceDate "2018.06.28"]
[SourceVersion "1"]
[SourceVersionDate "2018.06.28"]
[SourceQuality "1"]

1. Nf3 Nf6 2. c4 e6 3. g3 d5 4. cxd5 exd5 5. Bg2 c6 6. 0-0 Bg4 7. h3 Bh5 8. d3 Bc5 9. a3 0-0 10. b4 Bd6 11. Nbd2 a5 12. Rb1 axb4 13. axb4 Re8 14. Re1 Nbd7 15. Bb2 Qb6 16. Bd4 Qb5 17. Bc3 Ra3 18. Qc1 Ra2 19. Rb2 Rxb2 20. Qxb2 Qb6 21. e4 Bxf3 22. Bxf3 Bxg3 23. Bd4 Be5 24. Bxe5 Nxe5 25. Be2 Ng6 26. Bf1 Qc7 27. Re3 Qf4 28. b5 dxe4 29. bxc6 bxc6 30. Bg2 exd3 31. Rxe8+ Nxe8 32. Bxc6 Nf6 33. Nf3 h6 34. Qc3 Qf5 35. h4 Nf4 36. Qd2 Qg4+ 0-1

[Event "Villa Martelli op-A 21st"]
[Site "Villa Martelli"]
[Date "2014.11.12"]
[Round "6"]
[White "Ueti, Silvio Shigeo"]
[Black "Villarreal, Hector"]
[Result "1-0"]
[WhiteElo "2150"]
[BlackElo "2116"]
[PlyCount "74"]
[EventDate "2014.11.07"]
[EventType "swiss"]
[EventRounds "9"]
[EventCountry "ARG"]
[SourceTitle "CBM 163 Extra"]
[Source "ChessBase"]
[SourceDate "2014.12.23"]
[SourceVersion "1"]
[SourceVersionDate "2014.12.23"]
[SourceQuality "1"]

1. c4 Nf6 2. g3 g6 3. Bg2 Bg7 4. Nc3 0-0 5. e4 e5 6. Nge2 Nc6 7. 0-0 d6 8. d3 h6 9. h3 Rb8 10. Be3 a6 11. Qd2 Kh7 12. Nd5 Nxd5 13. cxd5 Nd4 14. Bxd4 exd4 15. Rac1 Bd7 16. Rc4 Bb5 17. Rc2 c5 18. dxc6 bxc6 19. f4 c5 20. e5 c4 21. dxc4 dxe5 22. cxb5 d3 23. Rc6 dxe2 24. Qxe2 Rxb5 25. f5 Qd4+ 26. Rf2 gxf5 27. Rxa6 Rc5 28. Kh2 e4 29. Rxf5 e3 30. Rf3 Rc1 31. Rxe3 Qxb2 32. Qxb2 Bxb2 33. Re2 Bd4 34. h4 Rb8 35. Bd5 Bg7 36. Rd6 Rbc8 37. Rd7 h5 1-0

[Event "Villa Martelli op-A 21st"]
[Site "Villa Martelli"]
[Date "2014.11.08"]
[Round "2"]
[White "Obregon, Carlos Andres"]
[Black "Villarreal, Hector"]
[Result "1-0"]
[WhiteElo "2504"]
[BlackElo "2116"]
[PlyCount "95"]
[EventDate "2014.11.07"]
[EventType "swiss"]
[EventRounds "9"]
[EventCountry "ARG"]
[SourceTitle "CBM 163 Extra"]
[Source "ChessBase"]
[SourceDate "2014.12.23"]
[SourceVersion "1"]
[SourceVersionDate "2014.12.23"]
[SourceQuality "1"]

1. e4 d5 2. exd5 Nf6 3. d4 Nxd5 4. Nf3 g6 5. Bb5+ c6 6. Be2 Bg7 7. 0-0 Bg4 8. h3 Bxf3 9. Bxf3 0-0 10. Re1 e6 11. c3 Nd7 12. Na3 e5 13. Bxd5 cxd5 14. dxe5 Nxe5 15. Bh6 Nc6 16. Bxg7 Kxg7 17. Qb3 Qf6 18. Qxd5 Rad8 19. Qe4 Rd2 20. Re2 Rfd8 21. Rae1 h5 22. Nc4 R2d5 23. a4 a6 24. Ne3 Rd2 25. Kf1 b5 26. Rxd2 Rxd2 27. Re2 Rd6 28. axb5 axb5 29. Kg1 b4 30. Nd5 Qg5 31. Nxb4 Re6 32. Qc2 Nxb4 33. cxb4 Rxe2 34. Qxe2 Qc1+ 35. Kh2 Qf4+ 36. g3 Qxb4 37. h4 f6 38. Kg1 Kf7 39. Qc2 Qb5 40. b3 Qb7 41. Qc4+ Ke7 42. b4 Qb6 43. Qe4+ Qe6 44. f3 f5 45. Qxe6+ Kxe6 46. Kf2 Kd5 47. Ke3 Kc4 48. Kf4 1-0

[Event "ARG-chT"]
[Site "Villa Martelli"]
[Date "2014.09.06"]
[Round "2.2"]
[White "Villarreal, Hector"]
[Black "Bernal, Gustavo"]
[Result "1-0"]
[WhiteElo "2107"]
[BlackElo "2130"]
[PlyCount "177"]
[EventDate "2014.08.30"]
[EventType "team-tourn"]
[EventRounds "9"]
[EventCountry "ARG"]
[SourceTitle "EXT 2015"]
[Source "ChessBase"]
[SourceDate "2014.11.20"]
[SourceVersion "1"]
[SourceVersionDate "2014.11.20"]
[SourceQuality "1"]
[WhiteTeam "Moreno"]
[BlackTeam "Fueguina Federation"]
[WhiteTeamCountry "ARG"]
[BlackTeamCountry "ARG"]

1. Nf3 Nf6 2. g3 d5 3. Bg2 c6 4. 0-0 Bf5 5. b3 e6 6. Bb2 Nbd7 7. d3 h6 8. c4 Be7 9. Nbd2 0-0 10. h3 Bh7 11. Re1 a5 12. a3 Qb6 13. Bc3 Rfd8 14. Qc1 c5 15. cxd5 Nxd5 16. Bb2 Bf6 17. Rb1 Qa6 18. Bxf6 N5xf6 19. a4 Rab8 20. Nc4 Nd5 21. Nfe5 Nxe5 22. Nxe5 f6 23. Nc4 Nb4 24. Rb2 Rd4 25. Na3 b6 26. Nb5 Rd7 27. Qc4 Re8 28. Rd2 Kh8 29. Red1 e5 30. Qg4 Qc8 31. h4 f5 32. Qh5 Qd8 33. Bh3 Rf8 34. e4 Rdf7 35. exf5 Bxf5 36. Bxf5 Rxf5 37. Qg4 Qf6 38. Rf1 h5 39. Qe4 Rf3 40. Kg2 Qe6 41. Rb1 Qf6 42. Rf1 Nc6 43. Nc3 Nd4 44. Nd5 Qe6 45. Ne3 Nxb3 46. Rb2 Nd4 47. Nc4 R3f4 48. Qxe5 Qc6+ 49. Kh3 Qd7+ 50. Kg2 Qg4 51. Qg5 Qf3+ 52. Kh3 R4f5 53. Qe3 Qg4+ 54. Kg2 Nf3 55. Rh1 Nd4 56. Ne5 Rxe5 57. Qxe5 Qf3+ 58. Kh2 Qg4 59. Qe4 Nf3+ 60. Kg2 Rf6 61. Qxg4 hxg4 62. Rhb1 Rd6 63. Rxb6 Rxd3 64. Rc1 Ra3 65. Rxc5 Ra1 66. Rh5+ Kg8 67. Rb8+ Kf7 68. Rf5+ Kg6 69. Rxf3 gxf3+ 70. Kxf3 Rxa4 71. Rb6+ Kf7 72. g4 Rc4 73. Ra6 a4 74. Kg3 Rc3+ 75. f3 Rc4 76. h5 Rb4 77. g5 Rc4 78. Ra7+ Kf8 79. f4 Rc3+ 80. Kg4 a3 81. Kf5 Rc5+ 82. Kg4 Rc3 83. Kf5 Rc5+ 84. Kg4 Rc3 85. g6 Rb3 86. Ra8+ Ke7 87. h6 gxh6 88. g7 h5+ 89. Kh4 1-0

[Event "ARG-ch 87th"]
[Site "Villa Martelli"]
[Date "2013.04.11"]
[Round "9"]
[White "Villarreal, Hector"]
[Black "Mansilla, Martin"]
[Result "1-0"]
[WhiteElo "2169"]
[BlackElo "2071"]
[PlyCount "45"]
[EventDate "2013.04.03"]
[EventType "swiss"]
[EventRounds "11"]
[EventCountry "ARG"]
[SourceTitle "CBM 153 Extra"]
[Source "ChessBase"]
[SourceDate "2013.04.22"]
[SourceVersion "1"]
[SourceVersionDate "2013.04.22"]
[SourceQuality "1"]

1. Nf3 d5 2. g3 c6 3. Bg2 g6 4. 0-0 Bg7 5. d3 e5 6. Nbd2 Ne7 7. c4 0-0 8. Rb1 f5 9. cxd5 cxd5 10. e4 Kh8 11. Qb3 Na6 12. exd5 Nc5 13. Qa3 Qxd5 14. d4 e4 15. dxc5 exf3 16. Nxf3 Ng8 17. Ng5 Qd7 18. Bf4 Nf6 19. Rbd1 Qb5 20. Rfe1 h6 21. Bf1 Qc6 22. Rd6 Qxd6 23. Bxd6 1-0

[Event "ARG-ch 87th"]
[Site "Villa Martelli"]
[Date "2013.04.10"]
[Round "8"]
[White "Jorge, Hector"]
[Black "Villarreal, Hector"]
[Result "0-1"]
[WhiteElo "1224"]
[BlackElo "2169"]
[PlyCount "64"]
[EventDate "2013.04.03"]
[EventType "swiss"]
[EventRounds "11"]
[EventCountry "ARG"]
[SourceTitle "CBM 153 Extra"]
[Source "ChessBase"]
[SourceDate "2013.04.22"]
[SourceVersion "1"]
[SourceVersionDate "2013.04.22"]
[SourceQuality "1"]

1. e4 d5 2. d4 dxe4 3. Nc3 Nf6 4. f3 exf3 5. Nxf3 Bg4 6. Bd3 c6 7. 0-0 Bxf3 8. Qxf3 Qxd4+ 9. Be3 Qg4 10. Qf2 Qh5 11. Be2 Qa5 12. Rad1 g6 13. Bc5 Nbd7 14. Rxd7 Kxd7 15. Qd4+ Kc8 16. b4 Qc7 17. Bxa7 e5 18. Qf2 Nd7 19. a3 f5 20. Na4 c5 21. Nxc5 Nxc5 22. Bxc5 Bxc5 23. bxc5 Ra5 24. Qh4 Rxc5 25. c4 Rd8 26. Qh6 e4 27. Rb1 Qe7 28. h3 Rc7 29. a4 Qa3 30. a5 Qa2 31. Qc1 Qxe2 32. a6 Rd2 0-1

[Event "Buenos Aires La Porta op-A"]
[Site "Buenos Aires"]
[Date "2012.12.23"]
[Round "7"]
[White "De Dovitiis, Alejo"]
[Black "Villarreal, Hector"]
[Result "1-0"]
[WhiteElo "2349"]
[BlackElo "2160"]
[PlyCount "79"]
[EventDate "2012.12.15"]
[EventType "swiss"]
[EventRounds "9"]
[EventCountry "ARG"]
[SourceTitle "CBM 152 Extra"]
[Source "ChessBase"]
[SourceDate "2013.02.25"]
[SourceVersion "1"]
[SourceVersionDate "2013.02.25"]
[SourceQuality "1"]

1. e4 d6 2. d4 Nf6 3. Nc3 g6 4. h3 Bg7 5. Be3 Nbd7 6. Nf3 c6 7. a4 b6 8. Qd2 h6 9. e5 Nd5 10. Nxd5 cxd5 11. Bb5 dxe5 12. Nxe5 e6 13. 0-0 a6 14. Bc6 Ra7 15. Qb4 Qe7 16. Qxb6 Rb7 17. Bxd7+ Rxd7 18. Nxd7 Qxd7 19. Ra3 0-0 20. Rfa1 e5 21. dxe5 Qf5 22. Rd3 Bxe5 23. Bd4 Bxd4 24. Qxd4 Be6 25. Re1 Rc8 26. Re5 Qf6 27. Rxd5 Qxd4 28. R5xd4 Rxc2 29. Rd2 Rc1+ 30. Kh2 Ra1 31. Rd8+ Kg7 32. R2d4 Ra2 33. Rb8 Kf6 34. Kg3 Ke5 35. Rdb4 Kd5 36. b3 Kc5 37. R4b6 Ra3 38. Rxa6 Bxb3 39. Kf4 Ra2 40. Rxb3 1-0

[Event "Buenos Aires Duchamp Memorial op 4th"]
[Site "Buenos Aires"]
[Date "2012.10.31"]
[Round "9"]
[White "Ferro, Ezequiel"]
[Black "Villarreal, Hector"]
[Result "1-0"]
[WhiteElo "2214"]
[BlackElo "2166"]
[PlyCount "65"]
[EventDate "2012.10.22"]
[EventType "swiss"]
[EventRounds "9"]
[EventCountry "ARG"]
[SourceTitle "EXT 2013"]
[Source "ChessBase"]
[SourceDate "2012.11.22"]
[SourceVersion "1"]
[SourceVersionDate "2012.11.22"]
[SourceQuality "1"]

1. d4 d5 2. c4 c6 3. Nc3 Nf6 4. Nf3 e6 5. Bg5 Be7 6. e3 h6 7. Bh4 a6 8. Qc2 0-0 9. cxd5 cxd5 10. Be2 Nc6 11. 0-0 b5 12. Bxf6 gxf6 13. e4 Nb4 14. Qd2 dxe4 15. Nxe4 Kg7 16. Rfc1 f5 17. Nc5 Nd5 18. a4 b4 19. Bc4 a5 20. Re1 Bf6 21. Rad1 Qd6 22. Ne5 Kh7 23. Qd3 Ra7 24. Qf3 Bxe5 25. Rxe5 Nf6 26. Qf4 Rd8 27. h3 Rc7 28. Rd3 Qc6 29. Qh4 Ne4 30. Qxd8 Bb7 31. Rxe4 fxe4 32. Rg3 Rc8 33. Qf6 1-0

[Event "Buenos Aires Duchamp Memorial op 4th"]
[Site "Buenos Aires"]
[Date "2012.10.27"]
[Round "5"]
[White "Villarreal, Hector"]
[Black "Cisneros, German"]
[Result "1-0"]
[WhiteElo "2166"]
[BlackElo "1909"]
[PlyCount "32"]
[EventDate "2012.10.22"]
[EventType "swiss"]
[EventRounds "9"]
[EventCountry "ARG"]
[SourceTitle "EXT 2013"]
[Source "ChessBase"]
[SourceDate "2012.11.22"]
[SourceVersion "1"]
[SourceVersionDate "2012.11.22"]
[SourceQuality "1"]

1. Nf3 Nf6 2. g3 g6 3. Bg2 Bg7 4. 0-0 0-0 5. c4 d5 6. cxd5 Nxd5 7. Nc3 Nc6 8. Qb3 Nb6 9. d3 Be6 10. Qd1 h6 11. Bd2 Qd7 12. Qc1 Kh7 13. Ne4 Na5 14. b3 f5 15. Neg5+ hxg5 16. Nxg5+ Kg8 1-0

[Event "Buenos Aires Duchamp Memorial op 4th"]
[Site "Buenos Aires"]
[Date "2012.10.24"]
[Round "3"]
[White "Villarreal, Hector"]
[Black "Bianchi, Augusto"]
[Result "1-0"]
[WhiteElo "2166"]
[BlackElo "1903"]
[PlyCount "39"]
[EventDate "2012.10.22"]
[EventType "swiss"]
[EventRounds "9"]
[EventCountry "ARG"]
[SourceTitle "EXT 2013"]
[Source "ChessBase"]
[SourceDate "2012.11.22"]
[SourceVersion "1"]
[SourceVersionDate "2012.11.22"]
[SourceQuality "1"]

1. Nf3 g6 2. g3 Bg7 3. Bg2 d6 4. 0-0 e5 5. d3 f5 6. c3 Nf6 7. Qb3 c6 8. Nbd2 Qe7 9. Nc4 Be6 10. Qxb7 Qxb7 11. Nxd6+ Ke7 12. Nxb7 Nbd7 13. b3 Nd5 14. Ba3+ Kf6 15. c4 Ne7 16. Nd2 Rac8 17. f4 exf4 18. Bb2+ Kf7 19. Nd6+ Kg8 20. Nxc8 1-0

[Event "Buenos Aires Duchamp op 1st"]
[Site "Buenos Aires"]
[Date "2011.09.21"]
[Round "8"]
[White "Villarreal, Hector"]
[Black "Medina, Gustavo"]
[Result "1-0"]
[WhiteElo "2228"]
[BlackElo "2011"]
[PlyCount "30"]
[EventDate "2011.09.12"]
[EventType "swiss"]
[EventRounds "9"]
[EventCountry "ARG"]
[SourceTitle "EXT 2014"]
[Source "ChessBase"]
[SourceDate "2013.11.20"]
[SourceVersion "1"]
[SourceVersionDate "2013.11.20"]
[SourceQuality "1"]

1. Nf3 c5 2. g3 b6 3. Bg2 Bb7 4. 0-0 Nf6 5. d3 d6 6. a3 g6 7. b4 Bg7 8. Bb2 0-0 9. c4 e5 10. Qb3 Nbd7 11. Nc3 Re8 12. Rad1 Nf8 13. e3 Ng4 14. h3 Nh6 15. d4 Nd7 1-0

[Event "Najdorf Festival op"]
[Site "Buenos Aires"]
[Date "1998.10.25"]
[Round "2"]
[White "Gomez Baillo, Jorge H"]
[Black "Villarreal, Hector"]
[Result "1-0"]
[WhiteElo "2445"]
[BlackElo "2245"]
[PlyCount "69"]
[EventDate "1998.10.??"]
[EventType "swiss"]
[EventRounds "9"]
[EventCountry "ARG"]
[SourceTitle "EXT 2002"]
[Source "ChessBase"]
[SourceDate "2001.11.25"]
[SourceVersion "1"]
[SourceVersionDate "2001.11.25"]
[SourceQuality "1"]

1. e4 e5 2. Nf3 Nc6 3. Bc4 Nf6 4. d3 Bc5 5. 0-0 d6 6. c3 0-0 7. Bb3 Bb6 8. Nbd2 Ne7 9. Nc4 Ng6 10. h3 Be6 11. Re1 Re8 12. Ng5 Bxc4 13. Bxc4 Re7 14. Be3 h6 15. Nf3 d5 16. exd5 Nxd5 17. Bxb6 axb6 18. d4 exd4 19. Rxe7 Ndxe7 20. Qxd4 Nf5 21. Qg4 Nd6 22. Bb3 Qf6 23. Re1 Nf4 24. Re3 Ra5 25. g3 Nd5 26. Rd3 Ne7 27. Qd7 Rf5 28. Qxc7 Ne4 29. Bc2 Nc6 30. Qc8+ Kh7 31. Re3 Nd6 32. Qd7 g6 33. Bxf5 Nxf5 34. Rd3 Kg7 35. Qxb7 1-0

[Event "Buenos Aires VII Najdorf op"]
[Site "Buenos Aires"]
[Date "1995.??.??"]
[Round "2"]
[White "Gomez Baillo, Jorge H"]
[Black "Villarreal, Hector"]
[Result "1-0"]
[WhiteElo "2415"]
[BlackElo "2265"]
[PlyCount "67"]
[EventDate "1995.??.??"]
[EventType "swiss"]
[EventRounds "9"]
[EventCountry "ARG"]
[SourceTitle "EXT 1997"]
[Source "ChessBase"]
[SourceDate "1996.11.15"]
[SourceVersion "1"]
[SourceVersionDate "1996.11.15"]
[SourceQuality "1"]

1. e4 e5 2. Nf3 Nc6 3. d4 exd4 4. Nxd4 Bc5 5. Be3 Bb6 6. Nf5 Bxe3 7. Nxe3 Nf6 8. f3 d6 9. c4 Nh5 10. g3 f5 11. exf5 0-0 12. Nc3 Kh8 13. Qd2 Bd7 14. Bg2 Ne5 15. 0-0 Bc6 16. Ncd5 Nf6 17. f4 Neg4 18. Nxg4 Nxg4 19. h3 Nf6 20. g4 Nxd5 21. cxd5 Bd7 22. Rac1 Rc8 23. Qd4 c6 24. dxc6 Bxc6 25. a3 Bxg2 26. Kxg2 Re8 27. Kg3 h6 28. Rxc8 Qxc8 29. f6 Qc6 30. fxg7+ Kg8 31. f5 Re2 32. f6 Kf7 33. g8Q+ Kxg8 34. f7+ 1-0

[Event "Buenos Aires Najdorf op"]
[Site "Buenos Aires"]
[Date "1993.??.??"]
[Round "10"]
[White "Farah, Rodolfo"]
[Black "Villarreal, Hector"]
[Result "1-0"]
[WhiteElo "2260"]
[BlackElo "2290"]
[PlyCount "85"]
[EventDate "1993.04.??"]
[EventType "swiss"]
[EventRounds "11"]
[EventCountry "ARG"]
[SourceTitle "TD"]
[Source "ChessBase"]
[SourceDate "1994.03.01"]
[SourceVersion "1"]
[SourceVersionDate "1994.03.01"]
[SourceQuality "1"]

1. e4 g6 2. d4 Bg7 3. Bc4 c6 4. Nc3 b5 5. Bb3 a5 6. Qf3 e6 7. a4 b4 8. Nce2 d5 9. exd5 cxd5 10. c4 bxc3 11. bxc3 Ra7 12. Nh3 Nf6 13. Ba3 Ba6 14. 0-0 Bf8 15. Bc1 Ne4 16. Re1 Rc7 17. Bf4 Bd6 18. c4 Bxc4 19. Bxc4 Rxc4 20. Bh6 g5 21. Rec1 Rxc1+ 22. Rxc1 Rg8 23. Qd3 Rg6 24. Qb5+ Ke7 25. f3 Rxh6 26. fxe4 Bxh2+ 27. Kxh2 g4 28. e5 gxh3 29. Qb7+ Nd7 30. Rc8 hxg2+ 31. Kxg2 Qb6 32. Qa8 Rg6+ 33. Kf3 Qb3+ 34. Kf2 f6 35. Re8+ Kf7 36. Rh8 fxe5 37. Qe8+ Kf6 38. Qxd7 exd4 39. Qd8+ Ke5 40. Qc7+ Ke4 41. Qf4+ Kd3 42. Qxd4+ Kc2 43. Rc8+ 1-0

[Event "Buenos Aires Najdorf op"]
[Site "Buenos Aires"]
[Date "1993.??.??"]
[Round "2"]
[White "Kanefsck, Gustavo"]
[Black "Villarreal, Hector"]
[Result "1-0"]
[WhiteElo "2370"]
[BlackElo "2290"]
[PlyCount "83"]
[EventDate "1993.04.??"]
[EventType "swiss"]
[EventRounds "11"]
[EventCountry "ARG"]
[SourceTitle "TD"]
[Source "ChessBase"]
[SourceDate "1994.03.01"]
[SourceVersion "1"]
[SourceVersionDate "1994.03.01"]
[SourceQuality "1"]

1. e4 d5 2. exd5 Nf6 3. d4 Nxd5 4. Nf3 g6 5. Bc4 c6 6. 0-0 Bg7 7. c3 0-0 8. Re1 Nd7 9. Bg5 h6 10. Bh4 Re8 11. Nbd2 N5f6 12. Bb3 c5 13. Nc4 b5 14. Nce5 c4 15. Bc2 Bb7 16. Qe2 Bd5 17. Rad1 e6 18. Bb1 Qc7 19. Qc2 Qb7 20. Qe2 Nxe5 21. dxe5 Nd7 22. Bg3 Nc5 23. h4 Rad8 24. Rd4 Rd7 25. Red1 Red8 26. Ne1 a5 27. Bf4 b4 28. Qe3 Na4 29. Bxh6 Nxb2 30. Bxg7 Kxg7 31. Rc1 Rh8 32. Qg5 Bc6 33. Qf6+ Kg8 34. Rg4 Nd3 35. Rd1 Be4 36. f3 Bf5 37. Rxc4 Nxe1 38. Rxe1 Bxb1 39. Rxb1 Kh7 40. h5 Rg8 41. hxg6+ Rxg6 42. Rh4+ 1-0